| 000 | 00611nam a2200193Ia 4500 | ||
|---|---|---|---|
| 003 | GCL | ||
| 008 | 140319s9999 xx 000 0 ara d | ||
| 040 |
_aGCL / _cGCL |
||
| 082 | 0 | 4 |
_a947.085 _bز ر |
| 100 | 1 | _aزيوجانوف، جينادى | |
| 245 | 1 | 0 |
_aروسيا والعالم المعاصر / _cزيوجانوف، جينادى |
| 700 | 1 | _aعدنان جاموس | |
| 300 | _a79 ص | ||
| 490 | _a | ||
| 650 | 0 | 4 | _aالاتحاد السوفيتى - تاريخ |
| 650 | 0 | 4 | _aالعصر الحديث - تفكك |
| 650 | 0 | 4 | _aالاتحاد السوفيتى - احوال سياسية |
| 942 |
_2ddc _cBK |
||
| 999 |
_c48359 _d48359 |
||